Using Linux / (Record no. 16387)
[ view plain ]
| 000 -LEADER | |
|---|---|
| fixed length control field | 00495cam a2200181 a 4500 |
| 020 ## - INTERNATIONAL STANDARD BOOK NUMBER | |
| ISBN | 0789701006 : |
| 040 ## - CATALOGING SOURCE | |
| Transcribing agency | TER |
| 082 00 - DEWEY DECIMAL CLASSIFICATION NUMBER | |
| Classification number | 005 QUE 1995 A004 Or. |
| 100 1# - MAIN ENTRY--AUTHOR NAME | |
| Personal name | Tackett, Jack, |
| 245 10 - TITLE STATEMENT | |
| Title | Using Linux / |
| 250 ## - EDITION STATEMENT | |
| Edition statement | Special ed. |
| 260 ## - PUBLICATION, DISTRIBUTION, ETC. (IMPRINT) | |
| Place of publication | Indianapolis, IN : |
| Name of publisher | Que Corp., |
| Year of publication | c1995. |
| 300 ## - PHYSICAL DESCRIPTION | |
| Number of Pages | xxvi, 861 p. ; |
| Dimensions | 23 cm. + |
| Accompanying material | 1 computer laser optical disc (4 3/4 in.) |
| 650 #0 - SUBJECT ADDED ENTRY--TOPICAL TERM | |
| Topical Term | Operating systems (Computers) |
| 700 1# - ADDED ENTRY--PERSONAL NAME | |
| Personal name | Gunter, David. |
| 700 1# - ADDED ENTRY--PERSONAL NAME | |
| Personal name | Brown, Lance |
| 942 ## - ADDED ENTRY ELEMENTS (KOHA) | |
| Koha item type | សៀវភៅភាសាអង់គ្លេស |
| 952 ## - LOCATION AND ITEM INFORMATION (KOHA) | |
| Withdrawn status [LOCAL, KOHA] | 0 |
| Permanent Location | Date acquired | Koha item type | Lost status | Shelving location | Barcode | Current Location | Full call number |
|---|---|---|---|---|---|---|---|
| Library Block A | 2018-02-19 | សៀវភៅភាសាអង់គ្លេស | A004 | A21360 | Library Block A | 005 QUE 1995 A004 Or. |